<?xml version="1.0" encoding="UTF-8"?>
<record
    xmlns:xsi="http://www.w3.org/2001/XMLSchema-instance"
    xsi:schemaLocation="http://www.loc.gov/MARC21/slim http://www.loc.gov/standards/marcxml/schema/MARC21slim.xsd"
    xmlns="http://www.loc.gov/MARC21/slim">

  <leader>01009nam a2200253Ia 4500</leader>
  <controlfield tag="003">3228</controlfield>
  <controlfield tag="005">20230228113553.0</controlfield>
  <controlfield tag="008">220701s9999    xx            000 0 und d</controlfield>
  <datafield tag="020" ind1=" " ind2=" ">
    <subfield code="a">9781770083448</subfield>
    <subfield code="q">Hardback</subfield>
  </datafield>
  <datafield tag="040" ind1=" " ind2=" ">
    <subfield code="a">DLC</subfield>
    <subfield code="b">English</subfield>
    <subfield code="c">DLC</subfield>
    <subfield code="d">3228</subfield>
    <subfield code="e">rda</subfield>
  </datafield>
  <datafield tag="041" ind1=" " ind2=" ">
    <subfield code="a">English</subfield>
  </datafield>
  <datafield tag="082" ind1=" " ind2=" ">
    <subfield code="a">306.73 HAVE</subfield>
  </datafield>
  <datafield tag="100" ind1=" " ind2=" ">
    <subfield code="a"> Kate Havelin, Martha Farrell Erickson</subfield>
    <subfield code="9">176627</subfield>
  </datafield>
  <datafield tag="245" ind1=" " ind2="0">
    <subfield code="a">  Dating :</subfield>
    <subfield code="b"> what is a healthy relationship? /</subfield>
    <subfield code="c">Kate Havelin, Martha Farrell Erickson</subfield>
  </datafield>
  <datafield tag="250" ind1=" " ind2=" ">
    <subfield code="a">First edition</subfield>
  </datafield>
  <datafield tag="260" ind1=" " ind2=" ">
    <subfield code="a">South Africa:</subfield>
    <subfield code="b">LifeMatters, Mankato, Minn., </subfield>
    <subfield code="c">&#xA9;2000</subfield>
  </datafield>
  <datafield tag="300" ind1=" " ind2=" ">
    <subfield code="a"> 64 pages : </subfield>
    <subfield code="b">color illustrations ; </subfield>
    <subfield code="c">24 cm.</subfield>
  </datafield>
  <datafield tag="490" ind1=" " ind2=" ">
    <subfield code="a"> Perspectives on relationships</subfield>
  </datafield>
  <datafield tag="520" ind1=" " ind2=" ">
    <subfield code="a">Discusses various aspects of dating, such as how to start dating, how to tell infatuation from love, deciding about sex, breaking up, and more</subfield>
  </datafield>
  <datafield tag="521" ind1=" " ind2=" ">
    <subfield code="a">Juvenile</subfield>
  </datafield>
  <datafield tag="650" ind1=" " ind2=" ">
    <subfield code="a">Dating (Social customs)   </subfield>
    <subfield code="v">Juvenile literature </subfield>
    <subfield code="9">176628</subfield>
  </datafield>
  <datafield tag="650" ind1=" " ind2=" ">
    <subfield code="a">Interpersonal relations in adolescence</subfield>
    <subfield code="9">176629</subfield>
  </datafield>
  <datafield tag="942" ind1=" " ind2=" ">
    <subfield code="2">ddc</subfield>
    <subfield code="c">BOOK</subfield>
    <subfield code="y">5815</subfield>
    <subfield code="z">Pontsho Maoko</subfield>
  </datafield>
  <datafield tag="999" ind1=" " ind2=" ">
    <subfield code="c">52265</subfield>
    <subfield code="d">52264</subfield>
  </datafield>
  <datafield tag="952" ind1=" " ind2=" ">
    <subfield code="0">0</subfield>
    <subfield code="1">0</subfield>
    <subfield code="4">0</subfield>
    <subfield code="7">0</subfield>
    <subfield code="a">CHROL</subfield>
    <subfield code="b">CHROL</subfield>
    <subfield code="d">2022-07-04</subfield>
    <subfield code="g">223.10</subfield>
    <subfield code="l">0</subfield>
    <subfield code="p">33228021479033</subfield>
    <subfield code="r">2022-07-04</subfield>
    <subfield code="w">2022-07-04</subfield>
    <subfield code="y">BK</subfield>
    <subfield code="z">159037</subfield>
  </datafield>
  <datafield tag="952" ind1=" " ind2=" ">
    <subfield code="0">0</subfield>
    <subfield code="1">0</subfield>
    <subfield code="2">ddc</subfield>
    <subfield code="4">0</subfield>
    <subfield code="7">0</subfield>
    <subfield code="8">300</subfield>
    <subfield code="a">KWAML</subfield>
    <subfield code="b">KWAPL</subfield>
    <subfield code="c">GEN</subfield>
    <subfield code="d">2023-02-28</subfield>
    <subfield code="l">0</subfield>
    <subfield code="o">306.73 HAVE</subfield>
    <subfield code="p">33228031059706</subfield>
    <subfield code="r">2023-02-28</subfield>
    <subfield code="w">2023-02-28</subfield>
    <subfield code="y">BOOK</subfield>
  </datafield>
  <datafield tag="952" ind1=" " ind2=" ">
    <subfield code="0">0</subfield>
    <subfield code="1">0</subfield>
    <subfield code="2">ddc</subfield>
    <subfield code="4">0</subfield>
    <subfield code="7">0</subfield>
    <subfield code="a">MAFEL</subfield>
    <subfield code="b">MAFEL</subfield>
    <subfield code="c">CHILD</subfield>
    <subfield code="d">2025-02-03</subfield>
    <subfield code="i">3322810015972</subfield>
    <subfield code="l">0</subfield>
    <subfield code="o">306.73 HAVE</subfield>
    <subfield code="p">LIB04806</subfield>
    <subfield code="r">2025-02-03</subfield>
    <subfield code="w">2025-02-03</subfield>
    <subfield code="y">BOOK</subfield>
  </datafield>
  <datafield tag="952" ind1=" " ind2=" ">
    <subfield code="0">0</subfield>
    <subfield code="1">0</subfield>
    <subfield code="2">ddc</subfield>
    <subfield code="4">0</subfield>
    <subfield code="7">0</subfield>
    <subfield code="8">300</subfield>
    <subfield code="a">AMERL</subfield>
    <subfield code="b">AMERL</subfield>
    <subfield code="c">GEN</subfield>
    <subfield code="d">2025-11-19</subfield>
    <subfield code="l">0</subfield>
    <subfield code="o">306.73 HAVE</subfield>
    <subfield code="p">3322830159672</subfield>
    <subfield code="r">2025-11-19</subfield>
    <subfield code="w">2025-11-19</subfield>
    <subfield code="y">BOOK</subfield>
  </datafield>
  <datafield tag="952" ind1=" " ind2=" ">
    <subfield code="0">0</subfield>
    <subfield code="1">0</subfield>
    <subfield code="2">ddc</subfield>
    <subfield code="4">0</subfield>
    <subfield code="7">0</subfield>
    <subfield code="8">300</subfield>
    <subfield code="a">VUKUL</subfield>
    <subfield code="b">VUKUL</subfield>
    <subfield code="c">GEN</subfield>
    <subfield code="d">2025-12-02</subfield>
    <subfield code="l">0</subfield>
    <subfield code="o">306.73 HAVE</subfield>
    <subfield code="p">3300410029638</subfield>
    <subfield code="r">2025-12-02</subfield>
    <subfield code="w">2025-12-02</subfield>
    <subfield code="y">BOOK</subfield>
  </datafield>
  <datafield tag="952" ind1=" " ind2=" ">
    <subfield code="0">0</subfield>
    <subfield code="1">0</subfield>
    <subfield code="2">ddc</subfield>
    <subfield code="4">0</subfield>
    <subfield code="7">0</subfield>
    <subfield code="a">VUKUL</subfield>
    <subfield code="b">VUKUL</subfield>
    <subfield code="c">GEN</subfield>
    <subfield code="d">2026-04-01</subfield>
    <subfield code="g">223.00</subfield>
    <subfield code="l">0</subfield>
    <subfield code="o">306.73 HAVE</subfield>
    <subfield code="p">33228022257131</subfield>
    <subfield code="r">2026-04-01</subfield>
    <subfield code="w">0000-00-00</subfield>
    <subfield code="y">BOOK</subfield>
  </datafield>
</record>
